Білорусько-український словник (Запис № 345035)

МАРК-запис
000 -Лідер
fixed length control field 00740nam a22002537a 4500
003 - Ідентифікатор контрольного номера
control field UA-OsUOA
001 - Контрольний номер
control field 58950
007 - Фіксоване поле фізичного опису
fixed length control field ta
008 - Елементи даних фіксованої довжини – загальна інформація
fixed length control field 20090304b un ||||| |||| 00| 0 ukr d
090 ## - Локальний шифр розміщення
Класифікаційний індекс УДК 81'374.822
Авторський знак (НП) П32
040 ## - Джерело каталогізації
Агенція оригінальної каталогізації UA-OsUOA
Мова каталогізації ukr
Агенція, яка здійснювала перезапис UA-OsUOA
Агенція, яка здійснювала модифікацію UA-OsUOA
041 ## - Код мови
Код мови тексту/ звукової доріжки чи окремого заголовка (П) ukr
080 ## - Індекс Універсальної десяткової класифікації
Індекс Універсальної десяткової класифікації (УДК) (НП) 81'374.822
020 ## - Міжнародний стандартний книжковий номер (ISBN)
Міжнародний стандартний книжковий номер (ISBN) (НП) 978-966-507-213-3
100 ## - Основне введення – ім’я особи
Ім’я особи (НП) Півторак Г.П.
245 ## - Відомості про назву
Назва (НП) Білорусько-український словник
260 ## - Публікація, розповсюдження і т.п. (Вихідні дані)
Місце публікації, розповсюдження і т.п. (П) К.
Ім’я/ наймення видавництва, розповсюджувача і т.п. (П) Довіра
Дата публікації, розповсюдження і т.п. (П) 2006
300 ## - Фізичний опис
Обсяг 723 с.
650 #7 - Додаткове предметне введення – тематичний термін
Тематичний термін чи географічна назва, як елемент введення (НП) 8 Мовознавство. Художня література. Літературознавство
Джерело заголовка чи терміна UDC
700 ## - Додаткове введення – ім'я особи
Ім’я особи (НП) Скопненко О.І.
942 ## - Додаткові елементи входу (Коха)
Тип елемента Koha Книги
955 ## - Код типу видання за змістом
Код типу видання за змістом (НП) Навчальні видання
Фонди
Стан вилучень Стан втрат Джерело класифікації або схеми стелажів Стан уражень Не для кредиту Постійне місце розташування Поточне розміщення Дата придбання Джерело придбання Вартість, звичайна ціна покупки Інвентарний номер Усього замовленно Повний номер виклику Штрих-код Дата останнього перегляду Ціна ефективна від Тип елемента Koha Код колекції Примітка, призначена для загального доступу
    Universal Decimal Classification     АБ - Абонемент НБ АБ - Абонемент НБ 29/04/2009 66/2009 40.00 120709   81'374.822 П32 120709 13/01/2022 04/03/2009 Книги    
    Universal Decimal Classification     АБ - Абонемент НБ АБ - Абонемент НБ 21/01/2013 3/2013 40.00 141180   81'374.822 П32 141180 06/12/2021 04/03/2009 Книги Колекція Жулинського М.Г.  
    Universal Decimal Classification     ЧЗ - Читальна зала ЧЗ - Читальна зала 04/03/2009 28/2009 65.00 119817   81'374.822 П32 119817 09/02/2022 04/03/2009 Книги    
    Universal Decimal Classification     ЧЗ - Читальна зала ЧЗ - Читальна зала 14/12/2009 132/2009 40.00 125216   81'374.822 П32 125216 06/12/2021 04/03/2009 Книги Колекція Жулинського М.Г. з автографом